000 00699cam a2200217 a 4500
001 000004907
005 20200929151529.0
008 911231s1991 pn 001 p spa
040 _aDO-SdBNP
_bspa
_cBNPHU
082 _aP861.44
_bY68p
100 1 _aYoung Nuñez, Cesar,
_d1934-
_914189
245 1 0 _aPoesía mía que estás en los cielos /
_cCesar Young Nuñez.
260 _aPanamá :
_bInstituto Nacional de Cultura :
_bMariano Arosemena,
_c1991.
300 _a44 p. ;
_c21 cm.
490 1 _aMultiple
650 4 _aPoesía panameña
_94260
650 4 _aLiteratura panameña
_94261
650 4 _aVirgen del carmen
_xPoesía
_914190
650 4 _aSantos
_xPoesía
_914191
830 0 _aMultiple
_914192
999 _c4713
_d4713